000 01026nam a2200325 a 4500
001 000037595
003 DO-SdBNP
005 20230714104921.0
007 000037595
008 120918s2009 sp 000 0 spa d
020 _a9788467032079 (obra completa)
020 _a9788467032451 (v. 1)
020 _a9788467032468 (v. 2)
040 _aBPMSU
_bspa
_cBPMSU
082 4 _a465
_bN964g 2009
_222
110 2 _aReal Academia Española
245 1 0 _aNueva gramática de la lengua española.
260 _aMadrid :
_bAsociación de Academias de la Lengua.
_c2009.
300 _a2 v. ;
_c26 cm.
500 _aIncluye índice
504 _aBibliografía : p. 3720-3798
505 0 _gv.1 :
_tMorfología; Sintaxis --
_gv.2 :
_tSintaxis --
590 _6Inventariado, 2023/VM
650 4 _aEspañol
_xGramática
650 4 _aEspañol
_xSintaxis
650 4 _aEspañol
_xMorfología
710 2 _aAsociación de Academias de la Lengua Española
910 _aVMateo V. /Validado. Control de calidad MFF
942 _2ddc
_cBK
999 _c8279
_d8279